|
|
|
|
| LEADER |
00629nab a2200181 i 4500 |
| 001 |
acta28444 |
| 005 |
20210222105716.0 |
| 008 |
161017s2001 hu o 0|| hun d |
| 022 |
|
|
|a 1219-0608
|
| 040 |
|
|
|a SZTE Egyetemi Kiadványok Repozitórium
|b hun
|
| 041 |
|
|
|a hun
|
| 100 |
2 |
|
|a Táboritáné Paulovics Erzsébet
|
| 245 |
1 |
0 |
|a Irodalmi műsor ballagásra
|h [elektronikus dokumentum] /
|c Táboritáné Paulovics Erzsébet
|
| 260 |
|
|
|c 2001
|
| 300 |
|
|
|a 84-87
|
| 490 |
0 |
|
|a Módszertani közlemények
|v 41 No. 2
|
| 695 |
|
|
|a Szépirodalom
|
| 856 |
4 |
0 |
|u http://acta.bibl.u-szeged.hu/28444/1/modszertani_041_002_084-087.pdf
|z Dokumentum-elérés
|